| 000 | 00394nam a22001697a 4500 | ||
|---|---|---|---|
| 003 | NUST | ||
| 020 | _a9780071069674 | ||
| 038 | _aKhadija | ||
| 082 |
_a621.4022 _bHOL |
||
| 100 |
_aBhattacharyya, Holman J P _983542 |
||
| 245 | _aHeat Transfer In SI Unit | ||
| 260 |
_aNew Delhi _bTata McGraw Hill _c2011. |
||
| 300 | _a674 p. ; | ||
| 500 | _aPaperback. | ||
| 563 | _aPB | ||
| 942 |
_cBK _2ddc |
||
| 999 |
_c33143 _d33143 |
||